The noble scholar, jurist, historian


 His Excellency Dr. Abdul Wahhab bin Ibrahim Abu Sulaiman, may Allah have mercy on him.


 He was born in Umm Al-Qura in the year 1356 AH.

الاتجاه العقلاني وآلية التخطيط التربوي والبحث العلمي : (Record no. 4420)

MARC details
000 -LEADER
fixed length control field 01796cam a22003371i 4500
003 - CONTROL NUMBER IDENTIFIER
control field SA-RiAUC
005 - DATE AND TIME OF LATEST TRANSACTION
control field 20250104063535.0
008 - FIXED-LENGTH DATA ELEMENTS--GENERAL INFORMATION
fixed length control field 250103s1996 su g b f000 0 ara c
020 ## - INTERNATIONAL STANDARD BOOK NUMBER
International Standard Book Number 998039960
020 ## - INTERNATIONAL STANDARD BOOK NUMBER
International Standard Book Number 996003989
040 ## - CATALOGING SOURCE
Original cataloging agency AE-AiULD
Language of cataloging ara
Transcribing agency SA-RiAUC
Description conventions rda
082 04 - DEWEY DECIMAL CLASSIFICATION NUMBER
Classification number 371.207
Assigning agency SA-RiAUC
090 ## - LOCALLY ASSIGNED LC-TYPE CALL NUMBER (OCLC); LOCAL CALL NUMBER (RLIN)
Classification number (OCLC) (R) ; Classification number, CALL (RLIN) (NR) 371.207
Local cutter number (OCLC) ; Book number/undivided call number, CALL (RLIN) ث ب ي
100 1# - MAIN ENTRY--PERSONAL NAME
Personal name الثبيتي، جوبير بن ماطر بن نجم،
Dates associated with a name 1375-1425 هجري
Relator term مؤلف.
245 12 - TITLE STATEMENT
Title الاتجاه العقلاني وآلية التخطيط التربوي والبحث العلمي :
Remainder of title دراسة نقدية تحليلية /
Statement of responsibility, etc. تأليف جويبر بن ماطر الثبيتي.
264 #1 - PRODUCTION, PUBLICATION, DISTRIBUTION, MANUFACTURE, AND COPYRIGHT NOTICE
Place of production, publication, distribution, manufacture مكة المكرمة :
Name of producer, publisher, distributor, manufacturer وزارة التعليم العالي، جامعة أم القرى، معهد البحوث العلمية وإحياء التراث الإسلامي، مركز البحوث التربوية والنفسية،
Date of production, publication, distribution, manufacture, or copyright notice [1996]
300 ## - PHYSICAL DESCRIPTION
Extent 29 صفحة ؛
Dimensions 24 سم.
336 ## - CONTENT TYPE
Content type term نص
Content type code txt
Source rdacontent
Materials specified كتاب
337 ## - MEDIA TYPE
Media type term بدون وسيط
Media type code n
Source rdamedia
338 ## - CARRIER TYPE
Carrier type term مجلد
Carrier type code nc
Source rdacarrier
490 1# - SERIES STATEMENT
Series statement سلسلة البحوث التربوية والنفسية
504 ## - BIBLIOGRAPHY, ETC. NOTE
Bibliography, etc. note ببليوجرافية : صفحة 27-29.
650 #7 - SUBJECT ADDED ENTRY--TOPICAL TERM
Topical term or geographic name entry element التخطيط التربوي
Source of heading or term aucsh
650 #7 - SUBJECT ADDED ENTRY--TOPICAL TERM
Topical term or geographic name entry element الإدارة التعليمية
Source of heading or term aucsh
650 #7 - SUBJECT ADDED ENTRY--TOPICAL TERM
Topical term or geographic name entry element التعليم
General subdivision مناهج بحث
Source of heading or term aucsh
830 #0 - SERIES ADDED ENTRY--UNIFORM TITLE
Uniform title سلسلة البحوث التربوية والنفسية (جامعة أم القرى. مركز البحوث التربوية والنفسية)
856 ## - ELECTRONIC LOCATION AND ACCESS
Uniform Resource Identifier <a href="http://libback.uqu.edu.sa/hipres/e-book/eb95.pdf ">http://libback.uqu.edu.sa/hipres/e-book/eb95.pdf </a>
Public note مختصر الكتاب
942 ## - ADDED ENTRY ELEMENTS (KOHA)
Source of classification or shelving scheme Dewey Decimal Classification
Koha item type Books
Suppress in OPAC No
949 ## - LOCAL PROCESSING INFORMATION (OCLC)
a SA-JeALM
d 250103
u mohamedma123
n 1
Holdings
Withdrawn status Lost status Source of classification or shelving scheme Damaged status Not for loan Home library Current library Date acquired Total checkouts Full call number Barcode Date last seen Price effective from Koha item type
    Dewey Decimal Classification     DR AbdElwahab Library DR AbdElwahab Library 01/04/2025   371.207 ث ب ي 000006725 01/04/2025 01/04/2025 Books
    Dewey Decimal Classification     DR AbdElwahab Library DR AbdElwahab Library 05/21/2025   371.207 ث ب ي 000013567 05/21/2025 05/21/2025 Books